Beyond the atom: the philosophical thought of Wolfgang Pauli
Gardado en:
| Autor Principal: | |
|---|---|
| Formato: | Libro |
| Idioma: | inglés |
| Publicado: |
Berlín
Springer-Verlag
1988
|
| Subjects: | |
| Tags: |
Engadir etiqueta
Sen Etiquetas, Sexa o primeiro en etiquetar este rexistro!
|
MARC
| LEADER | 00000nam a2200000 a 4500 | ||
|---|---|---|---|
| 001 | UCX6330 | ||
| 003 | CL-VaPUC | ||
| 005 | 20230324095105.0 | ||
| 008 | 930518e19880000GW |||||||||||||||||eng|d | ||
| 999 | |c 226360 |d 226358 | ||
| 040 | |c Pontificia Universidad Católica de Valparaíso | ||
| 082 | 0 | 4 | |a 530.01 |b LAU |2 21 |
| 100 | 0 | |a Laurikainen, Kalervo Vihtori |e author |9 322761 | |
| 245 | 1 | 0 | |a Beyond the atom: the philosophical thought of Wolfgang Pauli |
| 260 | |a Berlín |b Springer-Verlag |c 1988 | ||
| 300 | |a 234 p | ||
| 583 | |a last modification |c 20121001 10:31:20 |k Rodrigo Vera | ||
| 600 | 0 | 7 | |a FIERZ, MARKUS |2 CL-VaPUC |9 322762 |
| 600 | 0 | 7 | |a Pauli, Wolfgang |d 1900-1958 |9 880926 |
| 650 | 0 | |a Física |9 227844 | |
| 650 | 0 | |a Filosofía de las ciencias |9 256466 | |
| 650 | 0 | |a Correspondencia |9 258963 | |
| 942 | |c BK |2 ddc | ||
| 945 | |d 19930518 00:00:00 | ||